000 00401pam a2200157a 44500
008 230515b1999 xxu||||| |||| 00| 0 eng d
020 _aNULL
041 _aENGLISH
082 _a610.7365
100 _aJERI B BROWN NANCY K BED FORD & SARAH J WHITE
245 _aGERONTOLOGICAL PROTOCOLS FOR NURSE PRACTITIONERS
250 _a0
260 _a
_bLIPPINCOTT
_c1999
300 _a573
650 _aNULL
999 _c525968
_d525968